| 000 | 00496nam a22001577a 4500 | ||
|---|---|---|---|
| 999 |
_c9387 _d9387 |
||
| 008 | 210409b ||||| |||| 00| 0 eng d | ||
| 040 | _aBMS College of Architecture | ||
| 100 | _aNarayan, Sharad | ||
| 245 | _aUnderstanding the integrated township | ||
| 300 | _a30p. | ||
| 500 | _a1BM12AHD04 | ||
| 502 |
_8M.Arch (Habitat Design) _NBMS College of Architecture, Visvesvaraya Technological University _aDissertation _d2014 |
||
| 650 | _aNA | ||
| 700 |
_aBhaghyalaxmi M _eGuide |
||
| 942 |
_2ddc _cPGTHE |
||